La verdad olvidada : el factor común de todas las religiones /
Este es un libro busca articular la unidad que subyace en todas las grandes religiones. Huston Smith, un erudito en historia y filosofía de las religiones afirma que si bien es cierto que las grandes tradiciones difieren entre sí externamente; internamente son una única verdad. Analiza la cultura oc...
Gardado en:
| Autor Principal: | |
|---|---|
| Formato: | Libro |
| Idioma: | Lingua castelá |
| Publicado: |
Barcelona, España :
Kairós,
2001, c2001
|
| Series: | (Sabiduría Perenne)
|
| Temas: | |
| Etiquetas: |
Sen Etiquetas, Sexa o primeiro en etiquetar este rexistro!
|
MARC
| LEADER | 00000nam^a2200000^a^4500 | ||
|---|---|---|---|
| 001 | 000145608 | ||
| 005 | 20250521000000.0 | ||
| 005 | 20250521000000.0 | ||
| 009 | 20260310095843.087 | ||
| 020 | |a 84-7245-499-1 | ||
| 037 | |a Acervo ITESO - Biblioteca | ||
| 041 | |a ESP | ||
| 082 | |a 291. |b SMI | ||
| 100 | |a Smith, Huston |e (autor) | ||
| 245 | 1 | 3 | |a La verdad olvidada : |b el factor común de todas las religiones / |c H. Smith ; tr. por David González Raga, Fernando Mora. |
| 264 | 4 | |a Barcelona, España : |b Kairós, |c 2001, c2001 | |
| 300 | |a 229 p. | ||
| 336 | |a texto |b txt |2 rdacontenido | ||
| 337 | |a sin mediación |b n |2 rdamedio | ||
| 338 | |a volumen |b nc |2 rdasoporte | ||
| 440 | 1 | |a (Sabiduría Perenne) | |
| 500 | |a Traducción de: Forgotten Truth | ||
| 520 | |a Este es un libro busca articular la unidad que subyace en todas las grandes religiones. Huston Smith, un erudito en historia y filosofía de las religiones afirma que si bien es cierto que las grandes tradiciones difieren entre sí externamente; internamente son una única verdad. Analiza la cultura occidental y la ciencia, a la cual incluye en ese esquema de unanimidad humana. | ||
| 649 | |a XX | ||
| 650 | |a Valores | ||
| 650 | |a Esperanza | ||
| 650 | |a Misticismo | ||
| 650 | |a Simbolismo | ||
| 650 | |a Yo (Psicoanálisis) | ||
| 650 | |a Religión | ||
| 650 | |a Religión Comparada | ||
| 650 | |a Desarrollo Económico-Social | ||
| 650 | |a Autoconcepto | ||
| 650 | |a Axiología | ||
| 650 | |a Ciencia | ||
| 650 | |a Modernidad y Posmodernidad | ||
| 650 | |a Dios | ||
| 650 | |a Hombre - |x Origen | ||
| 650 | |a Identidad Personal | ||
| 910 | |a Fondo General | ||
| 920 | |a Impresos - Libros | ||
| 930 | |a Colección General | ||
| 905 | |a 101 | ||
| 901 | |a 0500074907 |b IT1 |c ACC |u 20250521 | ||
| 902 | |a https://opac.biblio.iteso.mx/vufind/Record/000145608 | ||